000 00598nam a2200193Ia 4500
003 IN-BaIIA
008 211028s9999 xx 000 0 eng d
040 _cIIA Library
080 _a530.145
_bKAE
100 _aKaempffer, F. A.
_95187
245 0 _aConcepts in quantum mechanics
_cF. A. Kaempffer
260 _aNew York
_bAcademic Press
_c1965
300 _axiii, 358p.
490 _aPure and applied physics: a series of monographs and textboo
650 _aNASA Thesaurus
650 _aQuantum mechanics
650 _aQuantum theory
942 _cBK
999 _c2904
_d2904